Human developmental genetics

Enregistré dans:
Détails bibliographiques
Auteur principal: Hsia, David Yi-Yung
Format: Livre
Langue:Undetermined
Publié: Chicago Year Book Medical 1968
Sujets:
Tags: Ajouter un tag
Pas de tags, Soyez le premier à ajouter un tag!
Thư viện lưu trữ: Trung tâm Học liệu Trường Đại học Cần Thơ
LEADER 00471nam a2200181Ia 4500
001 CTU_78604
008 210402s9999 xx 000 0 und d
082 |a 599.935 
082 |b H873 
100 |a Hsia, David Yi-Yung 
245 0 |a Human developmental genetics 
245 0 |c David Yi-Yung Hsia 
260 |a Chicago 
260 |b Year Book Medical 
260 |c 1968 
650 |a Genetics 
650 |x Human 
980 |a Trung tâm Học liệu Trường Đại học Cần Thơ